00710nam a2200181 a 450000100100000000500170001000800410002702000150006804000250008310000400010824500830014826000720023130000210030350000340032450000420035895201110040099900170051100004111120201002034628.0130918s1983 sp 000 0 spa d a8400052889 aDO-SdBNPbspacBNPHU1 aBeltrán Cortés, Fernando96765610aApuntes para una historia del frio en España /cFernando Beltrán Cortés. aMadrid :bConsejo Superior de Investigaciones Científicas,c1983. a228 p. ;c25 cm. aIncluye índice onomástico aIncluye notas al pie de las páginas 001054708MOaGRbGRcCTd2013-09-18iLF1l0o p41111-10r2020-06-25w2020-06-25y4ZPréstamo en sala c40601d40601